Carregando...

VIRA MITRODAYA

Detalhes bibliográficos
Autor principal: PANDIT MITRA MISRA
Formato: Printed Book
Publicado em: JAI KRISHNAN DAS 1*935
Assuntos:
LEADER 00389nam a2200169 4500
020
082
100 |a PANDIT MITRA MISRA 
245 |a VIRA MITRODAYA  |h SANSKRIT 
250
260 |b JAI KRISHNAN DAS  |c 1*935 
300 |f PB 
650 |a VIRA MITRODAYA 
700
942 |c BK 
999 |c 162658  |d 162658 
952 |0 0  |1 0  |4 0  |7 0  |9 176115  |a ORI  |b ORI  |l 0  |p ORIS4305A  |r 2019-10-25  |w 2019-10-25  |y BK